<?xml version="1.0" encoding="UTF-8"?>
<record
    xmlns:xsi="http://www.w3.org/2001/XMLSchema-instance"
    xsi:schemaLocation="http://www.loc.gov/MARC21/slim http://www.loc.gov/standards/marcxml/schema/MARC21slim.xsd"
    xmlns="http://www.loc.gov/MARC21/slim">

  <leader>00778nam a22002177a 4500</leader>
  <controlfield tag="005">20231212104822.0</controlfield>
  <controlfield tag="008">231212b        mx ||||| |||| 00| 0 spa d</controlfield>
  <datafield tag="020" ind1=" " ind2=" ">
    <subfield code="a">9789586955461</subfield>
  </datafield>
  <datafield tag="050" ind1="0" ind2="4">
    <subfield code="a">D13 </subfield>
    <subfield code="b">F39 2010</subfield>
  </datafield>
  <datafield tag="100" ind1="1" ind2=" ">
    <subfield code="a">Fazio Vengoa, Hugo, </subfield>
    <subfield code="d">1956- </subfield>
  </datafield>
  <datafield tag="245" ind1="1" ind2="3">
    <subfield code="a">La historia del tiempo presente</subfield>
    <subfield code="b"> : historiograf&#xED;a, problemas y m&#xE9;todos</subfield>
    <subfield code="c"> / Hugo Fazio</subfield>
  </datafield>
  <datafield tag="250" ind1=" " ind2=" ">
    <subfield code="a">1a ed. </subfield>
  </datafield>
  <datafield tag="260" ind1=" " ind2=" ">
    <subfield code="a">Bogot&#xE1;. Colombia : </subfield>
    <subfield code="b">Universidad de los Andes ; </subfield>
    <subfield code="b">Ediciones Uniandes, </subfield>
    <subfield code="c">2010</subfield>
  </datafield>
  <datafield tag="300" ind1=" " ind2=" ">
    <subfield code="a">178 paginas ; </subfield>
    <subfield code="c">21 cm. </subfield>
  </datafield>
  <datafield tag="490" ind1="0" ind2=" ">
    <subfield code="a"> Ciclo B&#xE1;sico</subfield>
  </datafield>
  <datafield tag="504" ind1=" " ind2=" ">
    <subfield code="a">Bibliograf&#xED;a: p. 169-178 e &#xED;ndice.</subfield>
  </datafield>
  <datafield tag="650" ind1="7" ind2=" ">
    <subfield code="2">lemb</subfield>
    <subfield code="a">Historiograf&#xED;a</subfield>
    <subfield code="x">Metodolog&#xED;a</subfield>
  </datafield>
  <datafield tag="650" ind1="7" ind2=" ">
    <subfield code="2">lemb</subfield>
    <subfield code="a">Historia moderna</subfield>
    <subfield code="x">Metodolog&#xED;a</subfield>
  </datafield>
  <datafield tag="650" ind1="7" ind2=" ">
    <subfield code="2">lemb</subfield>
    <subfield code="a">Historia moderna</subfield>
    <subfield code="x">Investigaciones</subfield>
  </datafield>
  <datafield tag="942" ind1=" " ind2=" ">
    <subfield code="2">lcc</subfield>
    <subfield code="c">LIB</subfield>
  </datafield>
  <datafield tag="999" ind1=" " ind2=" ">
    <subfield code="c">169240</subfield>
    <subfield code="d">169238</subfield>
  </datafield>
  <datafield tag="952" ind1=" " ind2=" ">
    <subfield code="1">0</subfield>
    <subfield code="2">lcc</subfield>
    <subfield code="4">0</subfield>
    <subfield code="7">0</subfield>
    <subfield code="a">INV-033</subfield>
    <subfield code="b">INV-033</subfield>
    <subfield code="c">GENERAL</subfield>
    <subfield code="d">2023-12-12</subfield>
    <subfield code="f">1a ed. </subfield>
    <subfield code="i">H</subfield>
    <subfield code="k">CSA</subfield>
    <subfield code="l">0</subfield>
    <subfield code="o">D13 F39 2010</subfield>
    <subfield code="p">IIH000035834</subfield>
    <subfield code="r">2023-12-12 00:00:00</subfield>
    <subfield code="t">1</subfield>
    <subfield code="v">385.00</subfield>
    <subfield code="y">LIB</subfield>
  </datafield>
  <datafield tag="952" ind1=" " ind2=" ">
    <subfield code="1">0</subfield>
    <subfield code="2">lcc</subfield>
    <subfield code="4">0</subfield>
    <subfield code="7">0</subfield>
    <subfield code="a">INV-033</subfield>
    <subfield code="b">INV-033</subfield>
    <subfield code="c">GENERAL</subfield>
    <subfield code="d">2025-01-21</subfield>
    <subfield code="e">PI</subfield>
    <subfield code="f">1a ed.</subfield>
    <subfield code="i">H</subfield>
    <subfield code="k">CSA</subfield>
    <subfield code="l">0</subfield>
    <subfield code="o">D13 F39 2010</subfield>
    <subfield code="p">IIH000037326</subfield>
    <subfield code="r">2025-01-21 10:26:49</subfield>
    <subfield code="t">2</subfield>
    <subfield code="v">1.00</subfield>
    <subfield code="y">LIB</subfield>
  </datafield>
</record>
